000 00797nac a22002657a 4500
001 BR0000167
003 BR-BrBNA
005 20240105122333.0
008 230509b bl.|||m| |||| 00| 0 por d
040 _aBR-BrBNA
_bpor
_cBiblioteca Nacional de Agricultura
072 _aE10; E13
090 _aE10 BR0000167
100 1 _aColsera, L.L. da M.S.
100 1 _aHenz, R.A.
110 1 _aCompanhia Nacional de Abastecimento, Brasilia, DF (Brasil)
245 1 _aGATT/Rodada Uruguai acordo agricola
260 3 _aBrasilia, DF (Brasil):
300 _a92 p.
490 _aColecao Documentos de Politica Agricola (Brazil)
_vno. 7
_x
500 _atables
650 _aPolitica Agricola
650 _aCredito Rural
909 _a202312
_bLúcia Elande
_c55
_dLúcia Elande
942 _2AGRIS
_n0
_cMS
999 _c290497
_d290497